000 00263nam a22001217a 4500
008 190227b xxu||||| |||| 00| 0 eng d
041 _aeng
080 _a616.12
100 _a7
101 _aKARD
245 _aHow to read an ECG
_cButler,H.H
942 _2udc
_cBK
999 _c54336
_d54336